Company secretarial practice (Record no. 5923)

MARC details
000 -LEADER
fixed length control field 00481cam a2200193ua 4500
001 - CONTROL NUMBER
control field 6780
005 - DATE AND TIME OF LATEST TRANSACTION
control field 20260515114113.0
008 - FIXED-LENGTH DATA ELEMENTS--GENERAL INFORMATION
fixed length control field 140220n ii |||gr||||Z||||||eng
040 ## - CATALOGING SOURCE
Transcribing agency MAIN
082 ## - DEWEY DECIMAL CLASSIFICATION NUMBER
Classification number 651
245 ## - TITLE STATEMENT
Title Company secretarial practice
Statement of responsibility, etc. By S.A. Sherlekar
260 ## - PUBLICATION, DISTRIBUTION, ETC.
Place of publication, distribution, etc. Allahabad:
Name of publisher, distributor, etc. Kitab mahal,
Date of publication, distribution, etc. 1991.
300 ## - PHYSICAL DESCRIPTION
Extent x,503p.
653 ## - INDEX TERM--UNCONTROLLED
Uncontrolled term Office services
653 ## - INDEX TERM--UNCONTROLLED
Uncontrolled term Secretarial practice
653 ## - INDEX TERM--UNCONTROLLED
Uncontrolled term Commerce
700 ## - ADDED ENTRY--PERSONAL NAME
Personal name Sherlekar,S.A.,
Relator term Author.
942 ## - ADDED ENTRY ELEMENTS (KOHA)
Koha item type Books
Holdings
Withdrawn status Lost status Damaged status Not for loan Home library Current library Shelving location Date acquired Total checkouts Full call number Barcode Date last seen Copy number Price effective from Koha item type
        Naharkatiya College Library Naharkatiya College Library General stacks 09/19/2020   651 | SHE 13385 09/19/2020 1 09/19/2020 Books